<?xml version="1.0" encoding="UTF-8"?>
<collection xmlns="http://www.loc.gov/MARC21/slim">
 <record>
  <leader>     na                 </leader>
  <controlfield tag="001">INLIS000000000010582</controlfield>
  <controlfield tag="005">20240318112919</controlfield>
  <datafield tag="035" ind1=" " ind2=" ">
   <subfield code="a">0010-0722000043</subfield>
  </datafield>
  <controlfield tag="007">ta</controlfield>
  <controlfield tag="008">240318                g          0 ind  </controlfield>
  <datafield tag="082" ind1=" " ind2=" ">
   <subfield code="a">338.43.01</subfield>
  </datafield>
  <datafield tag="084" ind1=" " ind2=" ">
   <subfield code="a">338.43.01 PUS t</subfield>
  </datafield>
  <datafield tag="100" ind1="1" ind2=" ">
   <subfield code="a">Pusat Sosial Ekonomi dan Kebijakan Pertanian</subfield>
   <subfield code="e">Pengarang</subfield>
  </datafield>
  <datafield tag="245" ind1="1" ind2=" ">
   <subfield code="a">Temuan-Temuan Pokok daan Rekomendasi Kebijakan Pembangunan Pertanian: Hasil-Hasil Penelitian PSEKP Tahun 2019 /</subfield>
   <subfield code="c">Pusat Sosial Ekonomi dan Kebijakan Pertanian</subfield>
  </datafield>
  <datafield tag="300" ind1=" " ind2=" ">
   <subfield code="a">iv, 125p. :</subfield>
   <subfield code="b">ill. ;</subfield>
   <subfield code="c">25 cm</subfield>
  </datafield>
  <datafield tag="500" ind1=" " ind2=" ">
   <subfield code="a">Index hal. 113</subfield>
  </datafield>
  <datafield tag="650" ind1=" " ind2="4">
   <subfield code="a">Sosial Ekonomi Pertanian</subfield>
  </datafield>
  <datafield tag="650" ind1=" " ind2="4">
   <subfield code="a">Perdagangan Domestik</subfield>
  </datafield>
  <datafield tag="650" ind1=" " ind2="4">
   <subfield code="a">Perdagangan Internasional</subfield>
  </datafield>
  <datafield tag="650" ind1=" " ind2="4">
   <subfield code="a">Sumberdaya Pertanian</subfield>
  </datafield>
  <datafield tag="650" ind1=" " ind2="4">
   <subfield code="a">Kelembagaan Pertanian</subfield>
  </datafield>
  <datafield tag="700" ind1="0" ind2=" ">
   <subfield code="a">Sunarsih</subfield>
   <subfield code="e">Pengarang</subfield>
  </datafield>
  <datafield tag="700" ind1="1" ind2=" ">
   <subfield code="a">Julia Forcina Sinuraya</subfield>
   <subfield code="e">Pengarang</subfield>
  </datafield>
  <datafield tag="700" ind1="1" ind2=" ">
   <subfield code="a">Sudi Mardianto</subfield>
   <subfield code="e">Pengarang</subfield>
  </datafield>
  <datafield tag="700" ind1="1" ind2=" ">
   <subfield code="a">Erma Suryani</subfield>
   <subfield code="e">Pengarang</subfield>
  </datafield>
  <datafield tag="700" ind1="1" ind2=" ">
   <subfield code="a">Sumedi</subfield>
   <subfield code="e">Pengarang</subfield>
  </datafield>
  <datafield tag="700" ind1="1" ind2=" ">
   <subfield code="a">Muhammad Suryadi</subfield>
   <subfield code="e">Pengarang</subfield>
  </datafield>
  <datafield tag="700" ind1="1" ind2=" ">
   <subfield code="a">Frans B. M. Tabukke</subfield>
   <subfield code="e">Pengarang</subfield>
  </datafield>
  <datafield tag="520" ind1=" " ind2=" ">
   <subfield code="a">Sektor pertanian berperan penting dalam pertumbuhan ekonomi. Pertanian dapat bekerja sama secara harmonis dengan sektor-sektor lain untuk menghasilkan pertumbuhan yang lebih cepat, mengurangi kemiskinan, dan melestarikan lingkungan. Pertanian berkontribusi pada pembangunan sebagai sebuah aktivitas ekonomi, sebagai mata pencaharian, dan sebagai cara untuk melestarikan lingkungan, sehingga emnjadikan sektor ini sebuah instrumen penting bagi pembangunan. Buku ini berisi temuan-temuan pokok dan rekomendasi kebijakan pembangunan pertanian yang diperoleh dari hasil-hasili penelitian PSEKP pada tahun 2019. Penelitian yang dimaksud adalah penelitian yang mempelajari fenomena mulai dari level lokal sampai internasional, dengan mengombinasikan data sekunder-statistik dengan data primer dari lapangan.</subfield>
  </datafield>
  <datafield tag="264" ind1=" " ind2=" ">
   <subfield code="a">Bogor :</subfield>
   <subfield code="b">Pusat Sosial Ekonomi dan Kebijakan Pertanian,</subfield>
   <subfield code="c">2020</subfield>
  </datafield>
  <datafield tag="336" ind1=" " ind2=" ">
   <subfield code="2">rdacontent</subfield>
   <subfield code="a">Teks</subfield>
  </datafield>
  <datafield tag="337" ind1=" " ind2=" ">
   <subfield code="2">rdamedia</subfield>
   <subfield code="a">Tanpa Perantara</subfield>
  </datafield>
  <datafield tag="338" ind1=" " ind2=" ">
   <subfield code="2">rdacarrier</subfield>
   <subfield code="a">Volume</subfield>
  </datafield>
  <datafield tag="856" ind1=" " ind2=" ">
   <subfield code="a">https://repository.pertanian.go.id/items/d5a3fe62-1319-4b00-8713-9465d1948228</subfield>
  </datafield>
  <datafield tag="856" ind1=" " ind2=" ">
   <subfield code="a">http://serverlib/ebookpsekp/template/pustaka1/publikasi/pdf/psekp/Buku%20IKU2019.pdf</subfield>
  </datafield>
  <datafield tag="990" ind1=" " ind2=" ">
   <subfield code="a">646/PSEKP/2022</subfield>
  </datafield>
 </record>
</collection>
